| 000 | 00432nam a2200205Ia 4500 | ||
|---|---|---|---|
| 001 | 000923 | ||
| 003 | YMCAF | ||
| 005 | 20230512160040.0 | ||
| 008 | 100717s1971 ||||||||||||||||| ||und|d | ||
| 024 | _a923 | ||
| 035 | _a905 | ||
| 040 |
_aYMCAF _beng _cIN-KoLT |
||
| 041 | _aeng | ||
| 082 | _aSPY-CAR | ||
| 100 | _aCARRE JOHN LE | ||
| 245 | 0 | _aSPY WHO CAME IN FROM THE WORLD | |
| 260 | _c1971 | ||
| 300 | _a240 | ||
| 942 |
_2ddc _cBK |
||
| 999 |
_c730 _d730 |
||